00506nam a2200169Ia 4500999001700000003000400017005001700021008004100038040000900079082002000088100004000108245005100148260006200199300000900261650002000270942004600290 c25954d25954OSt20201204113549.0190216s9999||||xx |||||||||||||| ||und|| coclc a894.8123bPIL/P aPillai, Thakazhi Shivashankara9418 0aPerillakkatha /cThakazhi Shivashankara Pillai bSahithya Pravarthaka Sahakarana Sangam,c1986.aKottayam: a162p aMalayalam Novel cBK2ddch894.8123iPIL/Pk894.8123mPIL/P